Normal view
MARC view
Entry Geographic Name
001 - CONTROL NUMBER
- control field: 24546
003 - CONTROL NUMBER IDENTIFIER
- control field: ARRUPE
005 - DATE AND TIME OF LATEST TRANSACTION
- control field: 20160803103909.0
008 - FIXED-LENGTH DATA ELEMENTS
- fixed length control field: 160803|| aca||aabn | a|a d
040 ## - CATALOGING SOURCE
- Original cataloging agency: ARRUPE
- Transcribing agency: ARRUPE
151 ## - HEADING--GEOGRAPHIC NAME
- Geographic name: Great Zimbabwe (Zimbabwe)
670 ## - SOURCE DATA FOUND
- Source citation: Work cat.: (ARRUPE)0: Guide to the Zimbabwe ruins, and other antiquities near Fort Victoria., 1972]